الإعاقة السمعية / (رقم التسجيلة. 118106)

تفاصيل مارك
000 -LEADER
fixed length control field 00508nam a22001697a 4500
005 - DATE AND TIME OF LATEST TRANSACTION
control field 20251108174805.0
008 - FIXED-LENGTH DATA ELEMENTS--GENERAL INFORMATION
fixed length control field 250721s2005 xx 000 0 ara d
082 14 - DEWEY DECIMAL CLASSIFICATION NUMBER
Classification number 371.912/قري
100 1# - MAIN ENTRY--PERSONAL NAME
Personal name القريوتي، إبراهيم
Relator term مؤلف
245 10 - TITLE STATEMENT
Title الإعاقة السمعية /
264 1# - PRODUCTION, PUBLICATION, DISTRIBUTION, MANUFACTURE, AND COPYRIGHT NOTICE
Place of production, publication, distribution, manufacture عمان :
Name of producer, publisher, distributor, manufacturer دار يافا العلمية للنشر،
Date of production, publication, distribution, manufacture, or copyright notice 2005.
300 ## - PHYSICAL DESCRIPTION
Extent 304 ص.
650 17 - SUBJECT ADDED ENTRY--TOPICAL TERM
Topical term or geographic name as entry element أمراض الأذن
650 17 - SUBJECT ADDED ENTRY--TOPICAL TERM
Topical term or geographic name as entry element البكم و الصمم
942 ## - ADDED ENTRY ELEMENTS (KOHA)
Source of classification or shelving scheme Dewey Decimal Classification
Koha item type كتب
المقتنيات
حالة السحب حالة الفقدان مصدر التصنيف حالة التلف غير قابل للإعارة المكتبة الرئيسية المكتبة الحالية موقع الرف تاريخ التزويد الرقم المتسلسل Total Checkouts رقم الإستدعاء تاريخ آخر ظهور تاريخ الفاتورة نوع المادة (كوها) الباركود
    Dewey Decimal Classification     المكتبة المركزية المكتبة المركزية مقتنيات قسم التزويد 28/07/2025 1480829   371.912/قري 28/07/2025 28/07/2025 كتب  
    Dewey Decimal Classification     مكتبة البراعم الواعدة مكتبة البراعم الواعدة الإعارة 21/06/2015 14740083   371.912/قري 28/07/2025 21/06/2015 كتب PLD00332853
Implemented & Customized by: BBB with SCIT (Smart Chains for Information Technology)

Powered by Koha